Momentos decisivos: tratamiento de familias en situaciones de crisis

Gespeichert in:
Bibliographische Detailangaben
1. Verfasser: Pittman, Frank S (VerfasserIn)
Format: Buch
Sprache:Spanisch
Veröffentlicht: Barcelona Paidós 1990
Schriftenreihe:Terapia Familiar, 37
Schlagworte:
Tags: Tag hinzufügen
Keine Tags, Fügen Sie den ersten Tag hinzu!

MARC

LEADER 00000nam a2200000 a 4500
001 UCO9519
003 CL-VaPUC
008 010302e19900000SP |||||||||||||||||spa|d
082 0 4 |a 616.891  |b PIT  |2 21 
100 0 |a Pittman, Frank S  |e author  |9 454751 
245 1 0 |a Momentos decisivos: tratamiento de familias en situaciones de crisis 
300 |a 448 p 
942 |c BK 
945 |d 20010302 00:00:00  |a cmena 
260 |a Barcelona  |b Paidós  |c 1990 
650 0 |a Terapia familiar  |9 312193 
650 7 |a INFLUENCIA FAMILIAR  |2 CL-VaPUC  |9 335148 
650 0 |a Vida familiar  |9 308049 
650 0 |a Psicoterapia familiar  |9 310747 
650 0 |a Salud mental  |9 308393 
650 0 |a Violencia intrafamiliar  |9 312986 
583 |a last modification  |c 20180326 02:28:31  |k Rodrigo Vera 
490 0 |a Terapia Familiar, 37 
999 |c 293722  |d 293720 
952 |0 0  |1 0  |4 0  |6 616_891000000000000_PIT_1990  |7 0  |8 A  |9 345426  |a BIBGIM  |b BIBGIM  |d 2019-11-20  |i 3674738  |o 616.891 PIT 1990  |p 3674738  |r 2025-01-15  |w 2019-11-20  |y BK  |k SSL